A pilgrim's testament : (Record no. 129777)
[ view plain ]
| 000 -LEADER | |
|---|---|
| fixed length control field | 01572cam a2200373 a 4500 |
| 001 - CONTROL NUMBER | |
| control field | 4927894 |
| 003 - CONTROL NUMBER IDENTIFIER | |
| control field | ARRUPE |
| 005 - DATE AND TIME OF LATEST TRANSACTION | |
| control field | 20190903113804.0 |
| 008 - FIXED-LENGTH DATA ELEMENTS--GENERAL INFORMATION | |
| fixed length control field | 950621s1995 moua 000 0aeng |
| 010 ## - LIBRARY OF CONGRESS CONTROL NUMBER | |
| LC control number | 95060352 |
| 020 ## - INTERNATIONAL STANDARD BOOK NUMBER | |
| International Standard Book Number | 1880810093 |
| 040 ## - CATALOGING SOURCE | |
| Original cataloging agency | DLC |
| Transcribing agency | DLC |
| Modifying agency | DLC |
| 041 1# - LANGUAGE CODE | |
| Language code of text/sound track or separate title | eng |
| Language code of original and/or intermediate translations of text | spa |
| 050 00 - LIBRARY OF CONGRESS CALL NUMBER | |
| Classification number | BX3756. I31 |
| Item number | A3 1995 |
| 082 00 - DEWEY DECIMAL CLASSIFICATION NUMBER | |
| Classification number | 271/.5302 |
| -- | B |
| Edition number | 21 |
| 300 ## - PHYSICAL DESCRIPTION | |
| Other physical details | ill. ; |
| Dimensions | 18 cm. |
| 100 0# - MAIN ENTRY--PERSONAL NAME | |
| Personal name | Ignatius, |
| Titles and other words associated with a name | of Loyola, Saint, |
| Dates associated with a name | 1491-1556. |
| 9 (RLIN) | 47997 |
| 240 10 - UNIFORM TITLE | |
| Uniform title | <a href="Autobiografía.">Autobiografía.</a> |
| Language of a work | English |
| 245 12 - TITLE STATEMENT | |
| Title | A pilgrim's testament : |
| Remainder of title | the memoirs of St. Ignatius of Loyola / |
| Statement of responsibility, etc | as transcribed by Luís Gonçalves da Câmara and translated by Parmananda R. Divarkar. |
| 260 ## - PUBLICATION, DISTRIBUTION, ETC. (IMPRINT) | |
| Place of publication, distribution, etc | Saint Louis : |
| Name of publisher, distributor, etc | Institute of Jesuit Sources, |
| Date of publication, distribution, etc | 1995. |
| 300 ## - PHYSICAL DESCRIPTION | |
| Extent | xxx, 150 p. : |
| 490 1# - SERIES STATEMENT | |
| Series statement | No. 13 in Series I--Jesuit primary sources in English translations |
| 500 ## - GENERAL NOTE | |
| General note | Translation of: Autobiografía. |
| 600 00 - SUBJECT ADDED ENTRY--PERSONAL NAME | |
| Personal name | Ignatius, |
| Titles and other words associated with a name | of Loyola, Saint, |
| Dates associated with a name | 1491-1556. |
| 9 (RLIN) | 47997 |
| 650 #0 - SUBJECT ADDED ENTRY--TOPICAL TERM | |
| Topical term or geographic name as entry element | Christian saints |
| Geographic subdivision | Spain |
| General subdivision | Biography. |
| 9 (RLIN) | 14825 |
| 700 1# - ADDED ENTRY--PERSONAL NAME | |
| Personal name | Câmara, Luís Gonçalves da, |
| Dates associated with a name | 1520?-1575. |
| 9 (RLIN) | 47998 |
| 700 1# - ADDED ENTRY--PERSONAL NAME | |
| Personal name | Divarkar, Parmananda R. |
| 9 (RLIN) | 47999 |
| 830 #0 - SERIES ADDED ENTRY--UNIFORM TITLE | |
| Uniform title | Series I--Jesuit primary sources, in English translations ; |
| Volume number/sequential designation | no. 13. |
| 9 (RLIN) | 48000 |
| 906 ## - LOCAL DATA ELEMENT F, LDF (RLIN) | |
| a | 7 |
| b | cbc |
| c | orignew |
| d | 3 |
| e | opcn |
| f | 19 |
| g | y-gencatlg |
| 942 ## - ADDED ENTRY ELEMENTS (KOHA) | |
| Source of classification or shelving scheme | Library of Congress Classification |
| Koha item type | Monograph ( Printed materials) |
| Withdrawn status | Lost status | Source of classification or shelving scheme | Damaged status | Not for loan | Collection code | Home library | Current library | Shelving location | Date acquired | Total Checkouts | Full call number | Barcode | Date last seen | Date checked out | Price effective from | Koha item type |
|---|---|---|---|---|---|---|---|---|---|---|---|---|---|---|---|---|
| Library of Congress Classification | Main Collection | ARRUPE LIBRARY | ARRUPE LIBRARY | Main Collection | 03/09/2019 | 1 | BX3756. I31 A3 1995 | 46600005364 | 25/04/2024 | 25/03/2024 | 03/09/2019 | Monograph ( Printed materials) |